000
00264nam a2200109Ia 4500
008
200302s9999 xx 000 0 und d
100
_a
P. A. Stone
245
_a
Building Design Evaluation Costs-in-Use
260
_b
E & F. N. Spon
260
_c
1975
300
_a
227 P.,
999
_c
155
_d
155